Gossip girl: eu quero tudo! (Record no. 191396)

MARC details
000 -LÍDER
campo de controle de tamanho fixo 00400 a2200169 4500
001 - NÚMERO DE CONTROLE
campo de controle 191396
020 ## - ISBN - INTERNATIONAL STANDARD BOOK NUMBER
ISBN - International Standard Book Number 978-85-01-07241-2
040 ## - FONTE DA CATALOGAÇÃO
Instituição que transcreveu o registro Magnum
100 ## - ENTRADA PRINCIPAL--NOME PESSOAL
Nome pessoal Ziegesar, Cecily Von
240 10 - TÍTULO UNIFORME
Título uniforme Gossip girl: eu quero tudo!
Idioma da obra por
245 10 - TÍTULO
Título Gossip girl: eu quero tudo!
300 ## - DESCRIÇÃO FÍSICA
Extensão 287
362 0# - DATAS DE PUBLICAÇÃO E/OU DESIGNAÇÃO SEQUENCIAL
Datas de publicação e/ou designação sequencial 2007
440 #1 - DECLARAÇÃO DE SÉRIE/ENTRADA ADICIONADA--TÍTULO
Título Galera Record
697 ## - ENTRADA DE ASSUNTO LOCAL--ENTIDADE COLETIVA (RLIN)
Nome corporativo ou nome da jurisdição LITERATURA JUVENIL ESTRANGEIRA
942 ## - ELEMENTOS DE ENTRADA ADICIONADOS (KOHA)
Tipo de material Koha Livros
Holdings
Situação do descarte Situação das perdas Situação física Não pode ser emprestado Biblioteca de origem Biblioteca atual Data de aquisição Total de empréstimos Número de chamada completo Código de barras Data de último acesso Data do preço efetivo Tipo de material Koha
        Magnum Magnum 08/06/2024   890.3.257 MAG00068831 08/06/2024 08/06/2024 Livros